000
00297nam a22001337a 4500
008
171004b xxu||||| |||| 00| 0 eng d
020
_a
9780683089424
041
_a
eng
080
_2
4TH
_a
159.9
100
_a
48
101
_a
PSI
245
_a
RESPIRATORY PHYSIOLOGY
_c
WEST,J.B
942
_2
udc
_c
BK
999
_c
31784
_d
31784